| 000 | 00833nam a2200229 a 4500 | ||
|---|---|---|---|
| 001 | BRCA_9082 | ||
| 005 | 20190320210521.0 | ||
| 008 | 110917s1748----it-#######---#000-0#lat-# | ||
| 041 | _alat | ||
| 044 | _ait | ||
| 084 |
_aCO29 _b.D68 1748 |
||
| 100 | 1 |
_aDoujat, Joannes _922448 |
|
| 245 | 1 | 0 |
_aPraenotionum canonicarum. libri quinque _bquibus sacrijuris, atque universo studii ecclesiastici principia, &adminicula enucleantur _cexabarata Joannes Doujat... |
| 250 | _a5a ed. | ||
| 260 |
_aVenetiis _bEx typographia balleoniana _c1748 |
||
| 300 |
_a612 p. _c24 x 17.5 cm |
||
| 500 | _aSuperiorum permissu, ac privilegiis | ||
| 500 | _aEstado físico: presenta encuadernación en pergamino con cintas y presencia del pez de plata | ||
| 650 | 1 | 4 |
_aIglesia católica _yObras anteriores a 1800 _922449 |
| 902 | _aCFM | ||
| 942 |
_2lcc _cB |
||
| 999 |
_c8732 _d8732 |
||